Hebrew pamphlets : Various subjects : collection 007.
Saved in:
| Format: | Kit |
|---|---|
| Language: | Hebrew |
| Tags: |
Add Tag
No Tags, Be the first to tag this record!
|
| LEADER | 00298npc a22001095u 4500 | ||
|---|---|---|---|
| 001 | 007774687-2 | ||
| 005 | 20020606104010.5 | ||
| 008 | 911029| is ||||| |||||||||||heb|d | ||
| 245 | 0 | 0 | |a Hebrew pamphlets : |b Various subjects : collection 007. |
| 500 | |a Collection of 34 Hebrew pamphlets. | ||
| 988 | |a 20020608 | ||
| 906 | |0 MH | ||